Fősorozás
Správa o tom, že hlavné vojenské odvody za rok 1913 sa uskutočnia v Humennom v dňoch 14.-15.04.1913.
| Format: | Article |
|---|---|
| Language: | Hungarian |
| Subjects: | |
| Source: |
1. Homonna és Vidéke : Hetilap 1. Roč. 13, č. 15 (06.04.1913) s. 2 |
| LEADER | 00815nab#a2200301#ar4500 | ||
|---|---|---|---|
| 001 | 000071902 | ||
| 003 | SVKKK | ||
| 005 | 20011120xxxxxxx. | ||
| 008 | 06 c xo huno | ||
| FMT | |||
| 038 | |a SVKKK | ||
| 040 | |a SVKKK |b slo |e AACR2 | ||
| 041 | 0 | |a hun | |
| 044 | |a xo |c SK | ||
| 080 | |a 355/359 | ||
| 242 | 1 | 0 | |a Hlavné vojenské odvody |
| 245 | 0 | 0 | |a Fősorozás |
| 500 | |a mikrofilm | ||
| 520 | 2 | |a Správa o tom, že hlavné vojenské odvody za rok 1913 sa uskutočnia v Humennom v dňoch 14.-15.04.1913. | |
| 650 | 0 | 4 | |a vojsko - odvody vojenské - Humenné - 14.-15.04.1913 - správy |
| 773 | 0 | |t Homonna és Vidéke : Hetilap |g Roč. 13, č. 15 (06.04.1913) s. 2 | |
| 957 | |a Humenné | ||
| 958 | |a DG | ||
| 958 | |a SK | ||
| 974 | |a Ba |d 20011120 | ||
| 992 | |a RBX | ||
| BAS | |||
| 998 | |a RETRO | ||